000 00298nam a2200133 i 4500
001 bg
100 1 _aŚWIDER, Janina
245 0 _aJęzyk rosyjski /
_cJanina Świder.
260 _aRzeszów,
_c1979.
040 _cBPK
041 _apol
942 _cKS
008 s pl f |000 0 pol
999 _c18535
_d18535
856 _uhttp://koha.tu.koszalin.pl/cgi-bin/koha/opac-detail.pl?biblionumber=18535
_yKatalog online BPK